[Event "Colonia de Sant Jordi op-B"]
[Site "Colonia de Sant Jordi"]
[Date "2022.06.04"]
[Round "4"]
[White "Nieto Duque, Sergio Aday"]
[Black "Lopez Ortiz, Asier"]
[Result "0-1"]
[WhiteElo "1208"]
[BlackElo "1386"]
[PlyCount "74"]
[EventDate "2022.06.03"]
[EventType "swiss"]
[EventRounds "6"]
[EventCountry "ESP"]
[SourceTitle "CBM 208 Extra"]
[Source "ChessBase"]
[SourceDate "2022.07.31"]
[SourceVersion "1"]
[SourceVersionDate "2022.07.31"]
[SourceQuality "1"]

1. c4 Nf6 2. g3 g6 3. Bg2 Bg7 4. Nf3 0-0 5. Nc3 Nc6 6. 0-0 d6 7. d3 e5 8. Bg5 h6 9. Bc1 Be6 10. Rb1 d5 11. b3 e4 12. dxe4 dxe4 13. Nd2 Re8 14. Ndxe4 Bf5 15. f3 Qe7 16. Qc2 Nd4 17. Qd3 Rad8 18. Qe3 c5 19. Rb2 Kh8 20. g4 Nxe4 21. Nxe4 Bxe4 22. fxe4 f5 23. Rd2 Nc2 24. Rxc2 Bd4 25. Kh1 Bxe3 26. Bxe3 fxg4 27. Bd2 Qh4 28. Bc3+ Kg8 29. Kg1 Rf8 30. Rxf8+ Rxf8 31. e3 g3 32. h3 Rf2 33. Rxf2 gxf2+ 34. Kf1 Qg3 35. e5 Qxe3 36. Bd5+ Kf8 37. e6 Qc1+ 0-1